| 000 | 00478nam a2200181Ia 4500 | ||
|---|---|---|---|
| 001 | 20603 | ||
| 005 | 20260306172818.0 | ||
| 008 | 260306t2004||||xx |||||||||||||| ||spa|| | ||
| 041 | _aESP | ||
| 082 |
_a343.41 _bM26 |
||
| 100 |
_aMarciani Burgos, Betzabé _eAUT |
||
| 245 | 0 | _aEl derecho a la libertad de expresión y la tesis de los derechos preferentes | |
| 260 | _c2004 | ||
| 300 |
_a474 páginas : _ccm. |
||
| 650 | _aGEN | ||
| 654 | _aCDE | ||
| 942 |
_cLIB _dJUS _fJUS _2ddc _n |
||
| 999 |
_c20603 _d20603 |
||